Základy slovenského finančného práva

Gespeichert in:
Bibliographische Detailangaben
1. Verfasser: Babčák, Vladimír
Format: Buch
Sprache:Slowakisch
Veröffentlicht: Ružomberok EPOS 2022
Schlagworte:
Tags: Tag hinzufügen
Keine Tags, Fügen Sie das erste Tag hinzu!

MARC

LEADER 00000nam a2200000 4500
001 0290463
005 20240416114202.9
020 |a 978-80-562-0340-8 
041 0 |a slo 
044 |a SK 
245 1 0 |a Základy slovenského finančného práva  |c Vladimír Babčák a kolektív 
264 1 |a Ružomberok  |b EPOS  |c 2022 
300 |a 495 s. 
610 2 0 |a právo finančné 
610 2 0 |a financie verejné 
610 2 0 |a správa verejná 
610 2 0 |a rozpočty verejné 
610 2 0 |a rozpočet štátny 
610 2 0 |a samospráva 
610 2 0 |a organizácie rozpočtové 
610 2 0 |a organizácie príspevkové 
610 2 0 |a organizácie neziskové 
610 2 0 |a inštitúcie verejnoprávne 
610 2 0 |a právo colné 
610 2 0 |a trh finančný 
610 2 0 |a právo devízové 
100 1 |a Babčák, Vladimír